Romania’s Tobacco Excise Policy in 2025: Missed opportunity ahead of the EU Tobacco Taxation Directive update (Record no. 9147)

MARC details
000 -LEADER
fixed length control field 01947nam a22003257u 4500
001 - CONTROL NUMBER
control field pwiiw7413
003 - CONTROL NUMBER IDENTIFIER
control field OSt
005 - DATE AND TIME OF LATEST TRANSACTION
control field 20260516120039.0
008 - FIXED-LENGTH DATA ELEMENTS--GENERAL INFORMATION
fixed length control field 251013t2025 au ||||| |||| 00| ||eng d
040 ## - CATALOGING SOURCE
Transcribing agency OSt
041 ## - LANGUAGE CODE
Language code of text/sound track or separate title eng
084 ## - OTHER CLASSIFICATION NUMBER
Classification number H24
-- I18
Number source jelc
100 1# - MAIN ENTRY--PERSONAL NAME
Personal name Kungl, Nóra
245 10 - TITLE STATEMENT
Title Romania’s Tobacco Excise Policy in 2025: Missed opportunity ahead of the EU Tobacco Taxation Directive update
260 ## - PUBLICATION, DISTRIBUTION, ETC.
Place of publication, distribution, etc. Wien :
Name of publisher, distributor, etc. Wiener Institut für Internationale Wirtschaftsvergleiche (wiiw),
Date of publication, distribution, etc. 2025.
300 ## - PHYSICAL DESCRIPTION
Extent 24 S.,
Other physical details 4 Tables and 7 Figures,
Dimensions 30cm.
490 1# - SERIES STATEMENT
Series statement wiiw Policy Notes and Reports
Volume/sequential designation 100
520 ## - SUMMARY, ETC.
Summary, etc. In August 2025, as part of a large fiscal package, Romania announced an increase in tobacco and alcohol excise taxes, news welcomed by proponents of public health. However, the announcement turned into a disappointment for the tobacco control community when the final increase in cigarette excise tax amounted to only 2.25%. This policy note outlines the reform and uses a simulation model to demonstrate the missed opportunity to adopt pro-health tobacco tax policy. By not implementing a 10% increase, as for other excises, the newly adopted schedule not only fails to reduce smoking prevalence but also deprives Romania of an opportunity to collect RON 1.657bn (EUR 326.6m) in additional tax revenues in 2025-2027. Moreover, an accelerated tax roadmap aligning Romania with the proposed EU Tobacco Taxation Directive by 2027 would raise an additional RON 4.73bn (EUR 932m), reduce smoking prevalence by 4%, and avert nearly 50,000 smoking-related premature deaths.<br/>
650 ## - SUBJECT ADDED ENTRY--TOPICAL TERM
Topical term or geographic name entry element Excise
650 ## - SUBJECT ADDED ENTRY--TOPICAL TERM
Topical term or geographic name entry element Taxation
650 ## - SUBJECT ADDED ENTRY--TOPICAL TERM
Topical term or geographic name entry element Tobacco
650 ## - SUBJECT ADDED ENTRY--TOPICAL TERM
Topical term or geographic name entry element Smoking
651 ## - SUBJECT ADDED ENTRY--GEOGRAPHIC NAME
Geographic name Romania
690 ## - LOCAL SUBJECT ADDED ENTRY--TOPICAL TERM (OCLC, RLIN)
Topical term or geographic name as entry element Macroeconomic Analysis and Policy
700 1# - ADDED ENTRY--PERSONAL NAME
Personal name Ross, Hana
700 1# - ADDED ENTRY--PERSONAL NAME
Personal name Stefan, George
830 #0 - SERIES ADDED ENTRY--UNIFORM TITLE
Volume/sequential designation 100
Bibliographic record control number WIIW0000092
Title of a work wiiw Policy Notes and Reports
856 40 - ELECTRONIC LOCATION AND ACCESS
Uniform Resource Identifier <a href="https://wiiw.ac.at/p-7413.html">https://wiiw.ac.at/p-7413.html</a>
942 ## - ADDED ENTRY ELEMENTS (KOHA)
Koha item type Paper
Holdings
Withdrawn status Lost status Damaged status Not for loan Home library Current library Shelving location Date acquired Inventory number Total Checkouts Full call number Barcode Date last seen Price effective from Koha item type
        WIIW WIIW Library 10/13/2025 pwiiw7413   100 1000010007413 10/13/2025 10/13/2025 Paper
The Vienna Instiute for International Economic Studies (wiiw)